000 00573nam 22002053 4500
001 199402
010 _a978-989-623-289-4
021 _b471621/20
090 _a199402
100 _a20251204d u||y0pory50 ba
200 _aRapariga, mulher, outra
_fBerardine Evaristo
_gtradução Miguel Romeira
205 _a
210 _aLisboa
_cElsinore
_d2020
215 _a471 p.
_cbrochado
_d24 cm
606 _917
_aLiteratura Inglesa
675 _a821.111-3
_vPT
_zpor
700 _915265
_aEvaristo
_bBernardine
801 _aPT
_bBMMN
_gRPC
830 _cFernando
_fFernando
990 _cLIVROS